The way made plain. (Record no. 5675)

000 -LEADER
fixed length control field 00645nam a2200193 a 4500
001 - CONTROL NUMBER
control field :::00003417$&:&@@
003 - CONTROL NUMBER IDENTIFIER
control field OkBaRHE
005 - DATE AND TIME OF LATEST TRANSACTION
control field 20000607103305.0
008 - FIXED-LENGTH DATA ELEMENTS--GENERAL INFORMATION
fixed length control field j 000 0 eng u
040 ## - CATALOGING SOURCE
Transcribing agency
100 1# - MAIN ENTRY--PERSONAL NAME
Personal name Brookes, James H.
245 14 - TITLE STATEMENT
Title The way made plain.
260 ## - PUBLICATION, DISTRIBUTION, ETC. (IMPRINT)
Place of publication, distribution, etc Philadelphia, PA., :
Name of publisher, distributor, etc American Sunday-School Union
Date of publication, distribution, etc nd
300 ## - PHYSICAL DESCRIPTION
Extent 305 p. ;
Dimensions 20 cm.
650 ## - SUBJECT ADDED ENTRY--TOPICAL TERM
Topical term or geographic name as entry element Bible New Testament Romans
942 ## - ADDED ENTRY ELEMENTS (KOHA)
Source of classification or shelving scheme
Koha item type Books
Copies
Withdrawn status Lost status Price effective from Full call number Date acquired Damaged status Barcode Shelving location Not for loan Koha item type Permanent Location Source of classification or shelving scheme Copy number Date last seen
  2010-04-14BS 2665 .B72010-04-14 3417General Stacks BooksRHEMA Bible Training College 12018-03-28
  2010-04-14BS 2665 .B72010-04-14 15661General Stacks BooksRHEMA Bible Training College 22018-03-28